|
|
|
|
| LEADER |
00000nam0a2200000 4500 |
| 001 |
301918 |
| 005 |
20231101005054.0 |
| 035 |
|
|
|a (RuTPU)RU\TPU\book\327110
|
| 090 |
|
|
|a 301918
|
| 100 |
|
|
|a 20150818d1969 m y0rusy50 ca
|
| 101 |
0 |
|
|a rus
|
| 102 |
|
|
|a RU
|
| 105 |
|
|
|a a j 001zy
|
| 200 |
1 |
|
|a Руководство к лабораторным работам по электрическим машинам
|e учебное пособие
|f С. А. Николаев
|
| 205 |
|
|
|a 2-е изд., перераб. и доп.
|
| 210 |
|
|
|a Москва
|c Энергия
|d 1969
|
| 215 |
|
|
|a 208 с.
|c ил.
|
| 320 |
|
|
|a Библиогр.: с. 205.
|
| 333 |
|
|
|a Исключено из фонда НТБ ТПУ
|
| 675 |
|
|
|a 621.313(075.32)
|v 3
|
| 700 |
|
1 |
|a Николаев
|b С. А.
|g Сергей Александрович
|
| 801 |
|
1 |
|a RU
|b 63413507
|c 20150818
|
| 801 |
|
2 |
|a RU
|b 63413507
|c 20220927
|g RCR
|
| 942 |
|
|
|c BK
|